V pohode kubánskej atmosféry

Bibliographic Details
Main Authors: Nemsilová, Emília, 1932- (Author), Špitková, Jela, 1947- (Author)
Format: Article
Language:Slovak
Subjects:

MARC

LEADER 00000nab a2200000 a 4500
001 vtls000117387
003 SK-MaSNL
005 20260303171440.0
008 111104c1982 xo 0 slo
015 |a SNBRB19rr/mm-uuuuu 
035 |a CL0127492 
040 |a SNKBUCL  |b slo  |c SNKBUCL  |e AACR2 
041 0 |a slo 
044 |a xo  |c SK 
080 |a 78.071  |2 1981 
100 1 |a Nemsilová, Emília,  |d 1932-  |4 aut  |9 226357 
245 1 0 |a V pohode kubánskej atmosféry  |c Jela Špitková, E. Nemsilová 
600 1 7 |a Špitková, Jela,  |d 1947-  |2 snkbucl  |9 116302 
655 7 |a rozhovory  |2 snkbucl  |9 31831 
655 7 |a články z novín a časopisov  |2 snkbucl  |9 267496 
700 1 |a Špitková, Jela,  |d 1947-  |4 aut  |9 116302 
773 0 |t Večerník  |g Roč. 27, č. 62 (30. 3. 1982), s. 5 
850 |a Slovenská národná knižnica v Martine  |a MTA001 
852 |a SNK  |b KIS3GCP 
958 |a RK 
992 |a RBX 
999 |c 2081521  |d 2083451